01753nam a2200529 i 450000100060000000300090000600500170001500800390003201500180007102000150008903500230010403500360012703500140016303500210017703500230019803500440022104000280026504100130029304600090030608000180031508000140033310000280034724500890037526000680046430000210053233600270055333700540058033800280063438000160066238000230067838800140070138800140071550400140072954600190074365000380076265000250080065000130082565100110083865800250084965800510087471000600092585600980098594200120108399900170109595200500111295200610116244792KOSZ 00520200229095328.0001004s2000 pl |000 0 pol aPB 2000/18609 a8322715560 a991014834479705066 a(PL-WaBN)b13986259-48omnis_nlop ab13986259 a(OCoLC)830259394 a(PL)b0000001398625 a(EXLNZ-48OMNIS_NETWORK)9910031104005606 aWA NcWA NdKOSZ 005/HR0 apolbeng k2000 a502.13/.14(4) a339.92(4)1 aPietraś, MarekeAutor10aBezpieczeństwo ekologiczne w Europie :bstudium politologiczne /cMarek Pietraś. aLublin :bWydaw. Uniwersytetu Marii Curie-Skłodowskiej,c2000. a387 s. ;c24 cm. 2rdacontentaTekstbtxt 2rdamediaaBez urządzenia pośredniczącegobn 2rdacarrieraWoluminbnc aKsiążki aPublikacje naukowe a1901-2000 a1989-2000 aBibliogr. aStreszcz. ang. 7aBezpieczeństwo ekologiczne2DBN 7aOchrona środowiska 7aPolityka 7aEuropa aOchrona środowiska aPolityka, politologia, administracja publiczna2 aWydawnictwo Uniwersytetu Marii Curie-Skłodowskiej4pbl uhttp://koha.tu.koszalin.pl/cgi-bin/koha/opac-detail.pl?biblionumber=44792yKatalog online BPK 2UKDcKS c44792d44792 00104071aBPKbBPKcmho72412p02171975yKS 00104070aBPKbBPKcwo72413p02171968s2013-06-08yKS